000 00276nam a22001337a 4500
020 _a
082 _a891.4392
100 _aNaseem Hajazi
245 _aGumshudha Qaaflay
260 _aLahore
_bJahangir
_c2011.
300 _a641p. ;
_b22cm
500 _aHardcover
942 _cBK
999 _c33081
_d33081